=LDR 00000nam 2200000 4500 =001 INLIS000000000012326 =005 20130612103847 =008 ***********************************Ind** =035 ##$$0010-061300000012326 =041 ##$$a Ind =082 ##$$a 658.456 2 =090 ##$$a 658.456 2 =100 ##$$a Materka, Pat Roessle =245 ##$$a Lokakarya dan seminar perencanaan, pelaksanaan, Pemanfaatan, Pat Roessle Matenka ; penerjemah A.G. Lunandi =260 ##$$a 1990 $b Yogyakarta =300 ##$$a 181 hlm., Ilus, 21 cm =650 ##$$a Diskusi =650 ##$$a Lokakarya =700 ##$$a Lunandi, A.G =850 ##$$a NBPNMAT